000 00738nas a2200253 4500
001 BR0901777
003 BR-BrBNA
005 20231205112632.0
007 ta
008 230509b bl.|||p| |||| 00| 00por d
040 _aBR-BrBNA
_bpor
_cBiblioteca Nacional de Agricultura
041 _a(Pt)
072 _aK50
100 1 _aTrevisan, H.
100 1 _aMarques, F.M.T.
100 1 _aCarvalho, A.G. de
245 1 _aDegradação natural de toras de cinco espécies florestais em dois ambientes
650 _aMADEIRA
650 _aDETERIORAÇÃO
650 _aTORA
773 0 _tFloresta (Brazil)
_xISSN 0015-3826
_g(Jan-Mar 2008), v. 38(1) p. 33-41
_wBR0901777
909 _a202311
_bLúcia
_c55
_dLúcia Elande
942 _2AGRIS
_n0
_cANA
999 _c199099
_d199099